Представление документа в формате MARC21

ПолеНазваниеЗначение
  Тип записи a
  Библиографический уровень m
001 Контрольный номер RU\infra-m\znanium\bibl\2235966
005 Дата корректировки 20260429142132.6
008 Кодируемые данные 260120s2025 RU g rus u
020 Индекс ISBN __
a ISBN 978-5-00139-566-9
040 Источник каталогиз. __
a Служба первич. каталог. Общество с ограниченной ответственностью «ЗНАНИУМ»
041 Код языка издания __
a Код языка текста rus
044 Код страны публикации __
a Код страны публикации RU
080 Индекс УДК __
a Индекс УДК 94
084 Индекс другой классификации/Индекс ББК __
2 Источник индекса rubbk
a Индекс другой классификации/Индекс ББК 633
100 Автор __
a Автор Дамье В.
q Полное имя Дамье Вадим
245 Заглавие __
a Заглавие Петр Кропоткин: Жизнь анархиста
b Продолж. заглавия Научно-популярная литература
250 Сведения об издании __
a Основные сведения об издании 1
260 Выходные данные __
a Место издания Москва
b Издательство ООО "Альпина нон-фикшн"
c Дата издания 2026
300 Физическое описание __
a Объем 664 с.
520 Аннотация __
a Аннотация Князь Петр Алексеевич Кропоткин в полной мере владел искусством оставаться собой жить по собственным убеждениям и если надо плыть против течения. При всей целостности его натуры в личности Кропоткина совмещалось все самое несовместимое. Чиновник особых поручений подающий надежды администратор талантливый военный разведчик он отказался от государственной карьеры первоначально — ради науки. Философ писатель-мемуарист и журналист географ геолог биолог-естествоиспытатель экономист этнограф социолог историк литературовед — это все он Кропоткин почти что второй Ломоносов. Однако подлинной его судьбой стали революционная агитация аресты и тюрьмы знаменитый побег и десятилетия жизни в эмиграции. Он стал врагом не только русского самодержавия но и «демократических» правителей Европы одним из подлинных лидеров мирового анархизма и ведущим теоретиком анархистского коммунизма мыслителем которого можно считать предтечей теории постиндустриального общества… О человеке который в конце XIX — начале XX века был моральным авторитетом не только для многих россиян но и для людей со всех континентов земного шара рассказывает книга современных отечественных историков Дмитрия Рублева и Вадима Дамье.
521 Примеч. о цел. назн. __
a Примеч. о целев. назн. Дополнительное образование
650 Тематические рубрики __
a Основная рубрика История. Исторические науки
655 Указ. предметных рубрик (устаревшее) __
a Жанр/ форма (устаревшее) Научно-популярная литература
700 Другие авторы __
a Другие авторы Рублев Д.
q Полное имя Рублев Дмитрий
856 Электронный адрес документа 4_
a Имя сервера/домена znanium.ru
m Помощь ebs_support@infra-m.ru
n Местонахождение сервера НИЦ ИНФРА-М
u URL https://znanium.ru/catalog/document?id=473965
856 Электронный адрес документа 48
a Имя сервера/домена znanium.ru
d Путь /cover/2235
f Электронное имя 2235966.jpg
q Тип электронного формата image/jpeg
u URL https://znanium.ru/cover/2235/2235966.jpg
911 __
u 0030=https://znanium.ru/catalog/document?id=473965